[Event "GER-chT Federal Cup (Women)"]
[Site "Braunfels"]
[Date "2018.06.01"]
[Round "2.7"]
[White "Rempel, Yana"]
[Black "Hoerhold, Karola"]
[Result "1-0"]
[WhiteElo "2045"]
[BlackElo "1671"]
[PlyCount "55"]
[EventDate "2018.05.31"]
[EventType "team-swiss"]
[EventRounds "5"]
[EventCountry "GER"]
[SourceTitle "EXT 2020"]
[Source "ChessBase"]
[SourceDate "2019.10.17"]
[SourceVersion "1"]
[SourceVersionDate "2019.10.17"]
[SourceQuality "1"]
[WhiteTeam "Wuerttemberg (W)"]
[BlackTeam "Nordrhein Westfalen (W)"]
[WhiteTeamCountry "GER"]
[BlackTeamCountry "GER"]

1. e4 e5 2. d4 exd4 3. Qxd4 Nc6 4. Qe3 Nf6 5. Bd2 Be7 6. Nc3 0-0 7. 0-0-0 d6 8. h3 Re8 9. Qg3 Nd4 10. Be3 Nh5 11. Qh2 c5 12. g4 Nf6 13. Nge2 Nxe2+ 14. Bxe2 Nd7 15. Nb5 Qb6 16. Nxd6 Bf6 17. Nc4 Qa6 18. g5 Bxb2+ 19. Kxb2 Rxe4 20. Qd6 Rxc4 21. Bxc4 Qxc4 22. Qd5 Qb5+ 23. Kc1 g6 24. Bd2 a5 25. Bc3 Ra6 26. Rhe1 Rb6 27. Re8+ Nf8 28. Qd8 1-0

[Event "GER-chT Federal Cup (Women)"]
[Site "Braunfels"]
[Date "2014.06.21"]
[Round "4.2"]
[White "Rempel, Yana"]
[Black "Mader, Manuela"]
[Result "0-1"]
[WhiteElo "1976"]
[BlackElo "2140"]
[PlyCount "56"]
[EventDate "2014.06.19"]
[EventType "team-swiss"]
[EventRounds "5"]
[EventCountry "GER"]
[SourceTitle "EXT 2015"]
[Source "ChessBase"]
[SourceDate "2014.11.20"]
[SourceVersion "1"]
[SourceVersionDate "2014.11.20"]
[SourceQuality "1"]
[WhiteTeam "Wuerttemberg (W)"]
[BlackTeam "Baden (W)"]
[WhiteTeamCountry "GER"]
[BlackTeamCountry "GER"]

1. e4 c6 2. c4 d5 3. exd5 cxd5 4. cxd5 Nf6 5. Qa4+ Nbd7 6. Nc3 g6 7. Bc4 Bg7 8. d3 0-0 9. Nf3 a6 10. Qa3 Nb6 11. Qb3 Bg4 12. Be3 Nfd7 13. Nd2 Rc8 14. h3 Bf5 15. g4 Nxc4 16. dxc4 Bd3 17. Nd1 Ne5 18. c5 Bb5 19. Nc3 Nd3+ 20. Kd1 Nxc5 21. Bxc5 Rxc5 22. Nde4 Rc4 23. Re1 Rd4+ 24. Kc1 Bc4 25. Qxb7 Be5 26. Nc5 Bf4+ 27. Kb1 Qa5 28. b4 Qa3 0-1

[Event "GER-chT Federal Cup (Women)"]
[Site "Braunfels"]
[Date "2014.06.20"]
[Round "2.2"]
[White "Dengler, Dijana"]
[Black "Rempel, Yana"]
[Result "0-1"]
[WhiteElo "2060"]
[BlackElo "1976"]
[PlyCount "74"]
[EventDate "2014.06.19"]
[EventType "team-swiss"]
[EventRounds "5"]
[EventCountry "GER"]
[SourceTitle "EXT 2015"]
[Source "ChessBase"]
[SourceDate "2014.11.20"]
[SourceVersion "1"]
[SourceVersionDate "2014.11.20"]
[SourceQuality "1"]
[WhiteTeam "Bayern (W)"]
[BlackTeam "Wuerttemberg (W)"]
[WhiteTeamCountry "GER"]
[BlackTeamCountry "GER"]

1. d4 g6 2. Nf3 Bg7 3. c4 f5 4. g3 b6 5. Bg2 Bb7 6. 0-0 Nf6 7. Nc3 Ne4 8. Nxe4 Bxe4 9. b3 0-0 10. Bb2 e6 11. Qd2 Qf6 12. Rad1 d6 13. Nh4 Bxg2 14. Nxg2 Nd7 15. Qc2 Qf7 16. Ba3 Rfe8 17. c5 bxc5 18. dxc5 d5 19. c6 Nb6 20. f3 e5 21. e4 f4 22. exd5 Nxd5 23. Qc4 Rad8 24. Bc5 fxg3 25. hxg3 Nb6 26. Qxf7+ Kxf7 27. a4 Bf8 28. Be3 Bb4 29. f4 e4 30. Rxd8 Rxd8 31. f5 g5 32. Bxg5 Rd3 33. Bf4 Nd5 34. g4 e3 35. Rb1 e2 36. Re1 Bxe1 37. Nxe1 Nxf4 0-1

[Event "BL 1314 (Women)"]
[Site "Germany"]
[Date "2013.10.05"]
[Round "1.6"]
[White "Rempel, Yana"]
[Black "Naipal, Victoria"]
[Result "1/2-1/2"]
[WhiteElo "2063"]
[BlackElo "1817"]
[PlyCount "82"]
[EventDate "2013.10.04"]
[EventType "team-tourn"]
[EventRounds "11"]
[EventCountry "GER"]
[SourceTitle "EXT 2018"]
[Source "ChessBase"]
[SourceDate "2017.10.13"]
[SourceVersion "1"]
[SourceVersionDate "2017.10.13"]
[SourceQuality "1"]
[WhiteTeam "Deizisau (W)"]
[BlackTeam "Hamburger SK (W)"]
[WhiteTeamCountry "GER"]
[BlackTeamCountry "GER"]

1. e4 c5 2. c3 e6 3. d4 cxd4 4. cxd4 d5 5. exd5 exd5 6. Nf3 Nf6 7. Bb5+ Bd7 8. Qe2+ Qe7 9. 0-0 Qxe2 10. Bxe2 Bd6 11. Nc3 h6 12. Nb5 Ne4 13. Nxd6+ Nxd6 14. Bf4 Ne4 15. Ne5 g5 16. Be3 Nc6 17. Rac1 Nd6 18. Rc5 Ne7 19. Rfc1 f6 20. Bh5+ Kd8 21. Ng6 Nxg6 22. Bxg6 Rg8 23. Rxd5 Rxg6 24. Rxd6 Ke7 25. Rd5 Rc8 26. Rdc5 Rxc5 27. dxc5 f5 28. f3 f4 29. Bd4 Re6 30. Kf2 Kd8 31. a3 h5 32. Re1 Ke7 33. Be5 Kf7 34. Bd6 Kg6 35. Rxe6+ Bxe6 36. b4 a6 37. g3 fxg3+ 38. hxg3 g4 39. f4 Kf5 40. Ke3 Bd5 41. Be7 Bc6 1/2-1/2